000
00229nam a2200109Ia 4500
999
_c
7992
_d
7992
020
_a
978-0534932190
100
_a
Burden, Faires
245
0
_a
Numerical Analysis
260
_a
USA
_b
McGraw Hill
_c
2001
300
_a
232
942
_c
BK